000 00782cam a22001814a 4500
005 20250605163509.0
008 250528s ||||||||||||||||||||||||d
035 _a20504
020 _a946393486
040 _aGR-AtMCL
_bgre
_dGR-AtMCL
_eAACR2
245 1 _aWorld Travel Atlas / The Atlas for the Travel Industry from the Publishers of the World Travel Guide
260 _bColumbus Press Limited
_bWorld Travel Guide,
_c1996
300 _a128
520 _aThe World Travel Atlas contains specialist maps and charts designed specifically for use by the travel trade and students of travel and tourism. Introduction, Statistics, General Maps, Specialist Maps - World and European, Specialist Maps - Country, Teaching Maps.
942 _cBK
999 _c5606
_d5606